50 größte Agglomerationen, die mit A beginnen - Statistiken

Allgemein
  • Dieses Quiz wurde 46 mal gespielt
  • Das Durchschnittsergebnis liegt bei 28 aus 50
Antwortstatistiken
Einwohner Agglomeration Staat % Korrekt
5.300 Ankara Türkei
100%
3.800 Algier Algerien
98%
3.400 Athen Griechenland
98%
6.000 Accra Ghana
95%
6.000 Alexandria Ägypten
95%
1.350 Amsterdam Niederlande
95%
8.000 Addis Abeba Äthiopien
93%
1.450 Auckland Neuseeland
93%
6.000 Amman Jordanien
90%
2.200 Asuncion Paraguay
90%
1.800 Abu Dhabi VAE
88%
4.000 Antananarivo Madagaskar
88%
3.000 Abuja Nigeria
86%
1.300 Astana Kasachstan
86%
1.450 Antalya Türkei
83%
6.500 Abidjan Elfenbeinküste
81%
1.500 Adelaide Australien
81%
3.000 Aleppo Syrien
79%
2.500 Alma-Ata Kasachstan
76%
1.000 Antwerpen Belgien
76%
7.000 Ahmedabad Indien
74%
5.500 Atlanta USA
74%
1.300 Aschgabat Turkmenistan
71%
2.100 Austin USA
64%
1.850 Adana Türkei
62%
1.000 Asmara Eritrea
62%
1.000 Aden Jemen
57%
1.800 Agra Indien
52%
800 Acapulco Mexiko
48%
1.200 Agadir Marokko
45%
1.400 Aba Nigeria
31%
2.400 Anshan China
31%
1.100 Arequipa Peru
31%
800 Al Ain VAE
29%
1.500 Angeles Philippinen
29%
1.300 Amritsar Indien
26%
800 Arusha Tansania
26%
750 Albuquerque USA
24%
1.300 Andischan Usbekistan
24%
1.000 Aracaju Brasilien
24%
1.500 Ahvaz Iran
21%
1.100 Aligarh Indien
21%
1.800 Anyang China
21%
1.600 Aurangabad Indien
21%
1.500 Allahabad Indien
19%
1.000 Akure Nigeria
14%
1.150 Aguascalientes Mexiko
12%
900 Abeokuta Nigeria
10%
900 Ado Ekiti Nigeria
7%
800 Ardabīl Iran
7%
Keine übereinstimmenden Quizze gefunden
Verteilung der Resultate
Anzahl Personen mit jedem Resultat
Perzentil nach korrekt beantworteten Fragen
Ihre Resultats-Entwicklung
Sie haben dieses Quiz noch nicht gespielt